000 01051cam a22003257a 4500
003 CHAP
005 20220817041207.0
008 971013s1992 r 00010 d
010 _a8342
011 _a9314
035 _a8549
040 _cCHAP
082 _a338.14
_bB45
100 0 0 _aBensusán Areous, Graciela
_ecoord.
_911686
245 1 4 _aLas relaciones laborales y el Tratado de Libre Comercio
260 _aMéxico, D.F. :
_bFLACSO,
_c1992
300 _a268 p.
590 _aBATCH-UPD
_b10
_c20130110
_lUCH01
_h0029
590 _aBATCH-UPD
_b10
_c20130110
_lUCH01
_h1644
590 _aBATCH-UPD
_b10
_c20130409
_lUCH01
_h2012
590 _aBATCH-UPD
_b10
_c20130410
_lUCH01
_h1035
590 _aBATCH-UPD
_b10
_c20130914
_lUCH01
_h0605
590 _aCONVERSION
_b10
_c20130109
_lUCH01
_h1306
650 0 4 _aMéxico
_xComercio
_zE.U.A.
650 1 4 _aMéxico
_xComercio
_xCanadá.
_976677
650 1 4 _aTratado Trilateral de Libre Comercio.
901 _aBK
942 _cLIBRO
949 _a338.14 B45
_bBC
_cLIBRO
_d33724000910287
_eLIBRO
_h83499
_i8549
_mD
_si
999 _c8342
_d8342